Randomized Ultimate Logo Quiz - Statistics

General Stats
  • This quiz has been taken 2,453 times
    2,440 since last reset
  • The average score is 28 of 40
Answer Stats
Picture Answer % Correct
kfc
96%
twitter
95%
nike
94%
pringles
94%
samsung
94%
gmail
93%
mcdonalds
93%
snapchat
93%
youtube
93%
facebook
92%
ikea
92%
instagram
92%
lays
92%
lego
92%
paypal
92%
pepsi
92%
puma
92%
red bull
92%
sprite
92%
starbucks
92%
visa
92%
adidas
91%
coca-cola
91%
dove
91%
honda
91%
pizza hut
91%
taco bell
91%
amazon
90%
apple
90%
bmw
90%
google
90%
microsoft
90%
monster
90%
playstation
90%
spotify
90%
subway
90%
tesla
90%
domino's
89%
doritos
89%
firefox
89%
netflix
89%
shell
89%
snickers
89%
toyota
89%
yahoo!
89%
android
88%
burger king
88%
dell
88%
ford
88%
marvel
88%
safari
88%
target
88%
wikipedia
88%
xbox
88%
audi
87%
dunkin donuts
87%
lg
87%
mercedes
87%
nintendo
87%
wendys
87%
air jordan
86%
louis vuitton
86%
mastercard
86%
monopoly
86%
skype
86%
reddit
85%
walmart
85%
ferrari
84%
gucci
84%
jaguar
83%
volkswagen
83%
new balance
82%
bbc
81%
hyundai
81%
levi strauss
81%
mountain dew
81%
pampers
81%
dreamworks
80%
itunes
80%
nestle
80%
rolex
80%
chanel
79%
excel
79%
gatorade
79%
intel
79%
lipton
79%
nissan
79%
the north face
79%
ups
79%
best buy
78%
lexus
78%
heineken
77%
nickelodeon
77%
subaru
77%
nerf
76%
beats by dre
75%
chickfila
75%
michelin
75%
under armour
75%
motorola
74%
porsche
74%
internet explorer
73%
mazda
73%
reeses
73%
suzuki
73%
t-mobile
73%
harley-davidson
72%
tide
72%
dolby
71%
mr clean
71%
rayban
71%
bentley
70%
bic
70%
dodge
69%
hersheys
69%
lacoste
69%
warner brothers
69%
jetpunk
68%
tiffany
68%
costco
67%
fiat
66%
mitsubishi
66%
baskin robbins
65%
kellogs
65%
blockbuster
64%
converse
64%
nbc
64%
ibm
63%
jif
63%
mini
63%
new york times
63%
bp
62%
volvo
62%
arby's
61%
alfa romeo
60%
knorr
60%
american airlines
59%
mustang
59%
atari
58%
at&t
58%
dole
58%
john deere
58%
peugeot
58%
skoda
58%
goodyear
57%
arm and hammer
56%
fruit of the loom
56%
quaker oats
56%
wilson
55%
corvette
54%
infiniti
54%
kodak
54%
umbro
54%
yamaha
54%
seat
53%
kraft
52%
lululemon
52%
maserati
52%
verizon
51%
american express
50%
cadillac
50%
bacardi
49%
mattel
49%
cheerios
48%
buick
47%
hertz
47%
lufthansa
46%
opel
46%
big boy
45%
citroen
45%
firestone
44%
gerber
44%
swarovski
43%
barclays
42%
cbs
42%
tostitos
42%
ing
41%
xerox
41%
acura
40%
chevorlet
40%
chevron
40%
klondike
37%
lincoln
37%
hoover
33%
chiquita
31%
qantas
29%
mortons
28%
aol
26%
scion
25%
tivo
20%
aol instant messenger
16%
starter
16%
No matching quizzes found
Score Distribution
Percent of People with Each Score
Percentile by Number Answered
Your Score History
You have not taken this quiz since the last reset